01377nam a2200349 a 4500001001000000003000500010005001700015008004100032010001100073011001100084040000900095090001000104100003900114245014700153260004100300500006000341502010900401590004100510590004000551590004000591590004000631650003500671650002800706650003900734650002800773856007000801901000700871942001000878942000600888999001900894952011400913000115939CHAP20220329144554.0190819s2019 mx a sm |||||||spa d a112400 a113372 cCHAP aTesis1 aDelgado Gallegos, Roberto.913663910aAnálisis del proceso de almacenamiento y comercialización de frijol en el Estado de Durango /h[En línea]cpor Roberto Delgado Gallegos. aChapingo, Méx. :bEl autor,c2019. aPara ver el contenido del material haga clic en la liga aTesis (Ing. Agr. Esp. en Parasitología Agrícola) -- UACH. Departamento de Parasitología Agrícola aBATCH-UPDb05c20190821lUCH01h1240 aE8697GMMb05c20190819lUCH01h1551 aE8697GMMb05c20190819lUCH01h1553 aE8697GMMb05c20190821lUCH01h123914aFrijolxAlmacenamiento.94332214aFrijolxCalidad.94334014aFrijolxComercialización.94334914aFrijolxDurango.943360 aFinding aiduhttp://10.13.5.2/tesis/sist115939.pdfzTeclea aquí aBK cTESIS n0 c112400d112400 00102local40718TESISaBCbBCd2019-08-19fTESISl0oTesisp115950-10r2019-12-31 00:00:00w2019-08-19yCD